La semántica de Davidson : una introducción crítica /

Estudio sobre la filosofía del lenguaje desarrollada por Donald Davidson (1917-2003), centrado en su teoría del siginficado para los lenguajes naturales.

Na minha lista:
Detalhes bibliográficos
Autor principal: Hernández Iglesias, Manuel (autor)
Formato: Livro
Idioma:espanhol
Publicado em: Madrid, España : Visor, 1990, c1990
Colecção:(Lingüística y Conocimiento ; 8)
Assuntos:
Tags: Adicionar Tag
Sem tags, seja o primeiro a adicionar uma tag!

MARC

LEADER 00000nam^a2200000^a^4500
001 000182940
005 20250521000000.0
009 20260310102024.336
020 |a 84-7774-858-6 
037 |a Acervo ITESO - Biblioteca 
041 |a ESP 
082 |a 149. 94  |b HER 
100 |a Hernández Iglesias, Manuel  |e (autor) 
245 1 3 |a La semántica de Davidson :  |b una introducción crítica /  |c M. Hernández Iglesias. 
264 4 |a Madrid, España :  |b Visor,  |c 1990, c1990 
300 |a 248 p. 
336 |a texto  |b txt  |2 rdacontenido 
337 |a sin mediación  |b n  |2 rdamedio 
338 |a volumen  |b nc  |2 rdasoporte 
440 1 |a (Lingüística y Conocimiento ;  |v 8) 
520 |a Estudio sobre la filosofía del lenguaje desarrollada por Donald Davidson (1917-2003), centrado en su teoría del siginficado para los lenguajes naturales. 
649 |a XX 
650 |a Filósofos Norteamericanos 
650 |a Significado 
650 |a Semántica 
650 |a Lingüística 
650 |a Filosofía del Lenguaje -  |x Historia y Crítica 
650 |a Filosofía del Siglo XX -  |x Historia y Crítica 
650 |a Filosofía Norteamericana -  |x Historia y Crítica 
650 |a Davidson, Donald 
910 |a Fondo General 
920 |a Impresos - Libros 
930 |a Colección General 
905 |a 101 
901 |a 0500122960  |b IT1  |c ACC  |u 20250521 
902 |a https://opac.biblio.iteso.mx/vufind/Record/000182940